Представление документа в формате MARC21

Поле Инд. ПП Название Значение
Тип записи a
Библиографический уровень m
001 Контрольный номер 4b8a95f9-534a-487b-aa71-fee178609508
005 Дата корректировки 20140226121528.6
008 Кодируемые данные 991207 d
020 a ISBN 5-230-08781-1
c Цена, тираж 2.00
080 a Индекс УДК 514.752.3
084 a Индекс другой классификации/Индекс ББК В151.61
090 c Каталожный индекс В151.61
x Авторский знак П58
a Полочн. индекс В151.6
100 1_ a Автор Попов Юрий Иванович
245 00 a Заглавие Специальные классы регулярных гиперполос
b Продолж. заглавия Учеб. пособие
c Ответственность Б.И. Попов, А.В. Столяров; Калинингр. гос. ун-т
260 0_ a Место издания Калининград
c Дата издания 1992
300 a Объем 80 с.
500 a Примечание Библиогр*: с.74-79.
504 a Библиография Библиогр.: с.74-79
650 a Основная рубрика Поверхностные полосы
650 a Основная рубрика Дифференциальная геометрия
650 a Основная рубрика Геометрия
653 a Ключевые слова Гиперполосы
a Ключевые слова Регулярные гиперполосы
a Ключевые слова Дифференциальная геометрия
700 1_ a Другие авторы Столяров Алексей Васильевич
852 p Инвентарный номер 644672
863 t 00069710
952 c Вид литературы К ру
954 a Дата поступления на обработку 19940301
a Дата поступления на обработку 19940301
999 a Подразделение 2 Фил3